<?xml version="1.0" encoding="UTF-8"?>
<collection xmlns="http://www.loc.gov/MARC21/slim">
 <record>
  <leader>01172nam a2200253Ia 4500</leader>
  <controlfield tag="001">CTU_162785</controlfield>
  <controlfield tag="008">210402s9999    xx            000 0 und d</controlfield>
  <datafield tag="020" ind1=" " ind2=" ">
   <subfield code="c">135.31</subfield>
  </datafield>
  <datafield tag="082" ind1=" " ind2=" ">
   <subfield code="a">620.0042</subfield>
  </datafield>
  <datafield tag="082" ind1=" " ind2=" ">
   <subfield code="b">R256</subfield>
  </datafield>
  <datafield tag="100" ind1=" " ind2=" ">
   <subfield code="a">Ravindran, A.</subfield>
  </datafield>
  <datafield tag="245" ind1=" " ind2="0">
   <subfield code="a">Engineering optimization :</subfield>
  </datafield>
  <datafield tag="245" ind1=" " ind2="0">
   <subfield code="b">Methods and applications</subfield>
  </datafield>
  <datafield tag="245" ind1=" " ind2="0">
   <subfield code="c">A. Ravindran, K.M. Ragsdell, G.V. Reklaitis.</subfield>
  </datafield>
  <datafield tag="260" ind1=" " ind2=" ">
   <subfield code="a">Hoboken, N.J.</subfield>
  </datafield>
  <datafield tag="260" ind1=" " ind2=" ">
   <subfield code="b">John Wiley &amp; Sons</subfield>
  </datafield>
  <datafield tag="260" ind1=" " ind2=" ">
   <subfield code="c">2006</subfield>
  </datafield>
  <datafield tag="520" ind1=" " ind2=" ">
   <subfield code="a">Engineering optimization helps engineers zero in on the most effective, efficient solutions to problems. This text provides a practical, real-world understanding of engineering optimization. Rather than belaboring underlying proofs and mathematical derivations, it emphasizes optimization methodology, focusing on techniques and stratagems relevant to engineering applications in design, operations, and analysis.</subfield>
  </datafield>
  <datafield tag="650" ind1=" " ind2=" ">
   <subfield code="a">Engineering,Mathematical optimization</subfield>
  </datafield>
  <datafield tag="650" ind1=" " ind2=" ">
   <subfield code="x">Mathematical models</subfield>
  </datafield>
  <datafield tag="650" ind1=" " ind2=" ">
   <subfield code="y">Tối ư hóa (Toán học),Kỹ thuật</subfield>
  </datafield>
  <datafield tag="650" ind1=" " ind2=" ">
   <subfield code="z">Mô hình toán học</subfield>
  </datafield>
  <datafield tag="904" ind1=" " ind2=" ">
   <subfield code="i">Trọng Hiếu</subfield>
  </datafield>
  <datafield tag="980" ind1=" " ind2=" ">
   <subfield code="a">Trung tâm Học liệu Trường Đại học Cần Thơ</subfield>
  </datafield>
 </record>
</collection>
